| Tag |
First Indicator |
Second Indicator |
Subfields |
| LEADER |
00000nam a2200000 i 4500 |
| 001 |
in00004685921 |
| 006 |
m o d |
| 007 |
cr |n|---||||| |
| 008 |
200404s2020 dcuado ob 001 0 eng d |
| 005 |
20260214204802.3 |
| 020 |
|
|
|a 111942710X
|
| 020 |
|
|
|a 9781119427155
|
| 020 |
|
|
|a 1119427150
|
| 020 |
|
|
|a 9781119427148
|q (ePub ebook)
|
| 020 |
|
|
|a 1119427142
|
| 020 |
|
|
|a 9781119427100
|q (electronic bk.)
|
| 020 |
|
|
|z 9781119427094
|
| 020 |
|
|
|z 1119427096
|
| 035 |
|
|
|a wil6007436
|
| 035 |
|
|
|a (NhCcYBP)wil6007436
|
| 037 |
|
|
|a 9781119427148
|b Wiley
|
| 040 |
|
|
|a NhCcYBP
|b eng
|e rda
|c NhCcYBP
|
| 043 |
|
|
|a e-ic---
|
| 050 |
|
4 |
|a QE279
|b .J68 2020
|
| 082 |
0 |
4 |
|a 554.912
|2 23
|
| 100 |
1 |
|
|a Jovanelly, Tamie J.,
|e author.
|
| 245 |
1 |
0 |
|a Iceland :
|b tectonics, volcanics, and glacial features /
|c Tamie J. Jovanelly.
|
| 264 |
|
1 |
|a Washington :
|b American Geophysical Union ;
|a Hoboken :
|b Wiley,
|c 2020.
|
| 300 |
|
|
|a 1 online resource (ix, 206 pages) :
|b illustrations, charts, photographs
|
| 336 |
|
|
|a text
|b txt
|2 rdacontent
|
| 337 |
|
|
|a computer
|b c
|2 rdamedia
|
| 338 |
|
|
|a online resource
|b cr
|2 rdacarrier
|
| 490 |
1 |
|
|a Geophysical Monograph ;
|v v. 247
|
| 588 |
0 |
|
|a Print version record.
|
| 504 |
|
|
|a Includes bibliographical references and index.
|
| 505 |
0 |
|
|a Preface -- Introduction. The geologic framework of Iceland -- part 1. Tectonics. Overview of tectonics in Iceland -- Tectonics of the Reykjanes Peninsula and southwestern region -- Tectonics of the south and southeastern regions -- Tectonics of the northeastern region -- Tectonics of the western region -- part 2. Volcanics. Overview of volcanics in Iceland -- Volcanics of the Reykjanes Peninsula and southwestern region -- Volcanics of the south and southeastern regions -- Volcanics of the north and northeastern regions -- Volcanics of the western region -- part 3. Glacial features. Overview of glacial features in Iceland -- Glacial features of the Reykjanes Peninsula and southwestern region -- Glacial features of the south and southeastern regions -- Glacial features of the northern and western regions -- Glossary -- References -- Index.
|
| 520 |
|
|
|a Explore the dramatic forces that have shaped the Icelandic landscape over 30 million years Iceland's formation and ongoing evolution offers a masterclass in geophysical processes. Iceland: Tectonics, Volcanics, and Glacial Features presents a regional guide to the landscape of this unique island. Accessible to academics, students, novice geologists, and tourists alike, chapters reflect the most popular way to explore the island, beginning in the southwest region and ending in the northwest.'' Volume highlights include: -An overview of Iceland's geologic history -Exploration of the dynamic tectonic setting that has shaped the island -Descriptions of landscape features of active and extinct volcanoes -Discussion of the impact of glaciation in the past and present -Techniques for monitoring geologic hazards -Developments in harnessing geothermal energy The American Geophysical Union promotes discovery in Earth and space science for the benefit of humanity.'Its publications disseminate scientific knowledge and provide resources for researchers, students, and professionals.
|
| 650 |
|
0 |
|a Geology
|z Iceland.
|
| 650 |
|
0 |
|a Plate tectonics
|z Iceland.
|
| 776 |
0 |
8 |
|i Print version:
|a Jovanelly, Tamie J.
|t Iceland : Tectonics, Volcanics, and Glacial Features.
|d Newark : American Geophysical Union, ©2020
|z 9781119427094
|
| 830 |
|
0 |
|a Geophysical monograph ;
|v v. 247.
|
| 856 |
4 |
0 |
|u http://proxy.library.tamu.edu/login?url=https://onlinelibrary.wiley.com/book/10.1002/9781119427155
|z Connect to the full text of this electronic book
|t 0
|
| 955 |
|
|
|a Wiley EBA record
|
| 975 |
|
|
|p Wiley UBCM Full Collection 2026
|
| 999 |
f |
f |
|s 5226e592-0ced-44d4-a3f5-5b2a4ecb9ee8
|i 5d8c92ce-60ae-4b6a-ba21-37772328870b
|t 0
|
| 952 |
f |
f |
|a Texas A&M University
|b College Station
|c Electronic Resources
|s evans_pda
|d Available Online
|t 0
|e QE279 .J68 2020
|h Library of Congress classification
|
| 998 |
f |
f |
|a QE279 .J68 2020
|t 0
|l Available Online
|